| 000 | 01022nmm a2200349 a 4500 | ||
|---|---|---|---|
| 003 | AR-BaBNM | ||
| 005 | 20251128205232.0 | ||
| 008 | 077019s1979 ||||||||||||||000 | spa|| | ||
| 040 | _cAR-BaBNM | ||
| 100 | 1 | _aMartínez Paz, Fernando | |
| 245 | 1 | 0 | _aLa educación argentina |
| 260 |
_aCórdoba _bUniversidad Nacional de Córdoba. Dirección General de Publicaciones _c1979 |
||
| 300 | _a245 p. | ||
| 500 | _aContiene referencias bibliográficas en notas a pie de página | ||
| 650 | 4 | _aHISTORIA DE LA EDUCACION | |
| 650 | 4 | _aIGLESIA Y EDUCACION | |
| 650 | 4 | _aIGLESIA Y ESTADO | |
| 650 | 4 | _aCATOLICISMO | |
| 650 | 4 | _aSIGLO DIECINUEVE | |
| 650 | 4 | _aSIGLO VEINTE | |
| 650 | 4 | _aLIBERTAD DE ENSENANZA | |
| 650 | 4 | _aEDUCACION LAICA | |
| 650 | 4 | _aENSENANZA RELIGIOSA | |
| 650 | 4 | _aCONGRESO CONSTITUYENTE DE 1853 | |
| 651 | 4 | _aArgentina | |
| 653 | _aLEGISLACION EDUCATIVA | ||
| 653 | _aEDUCACION PRIVADA | ||
| 653 | _aLEY 1420 | ||
| 653 | _aREFORMA UNIVERSITARIA | ||
| 942 | _cBK | ||
| 998 | _csilvi | ||
| 999 |
_c10537 _d10537 |
||